STEP TO SUCCESS TACKLE OFFICE NIGHTMARES (Record no. 7924)

MARC details
000 -LEADER
fixed length control field 00341nam a2200133Ia 4500
008 - FIXED-LENGTH DATA ELEMENTS--GENERAL INFORMATION
fixed length control field 240624s9999 xx 000 0 und d
041 ## - LANGUAGE CODE
Language code of text/sound track or separate title eng
082 ## - DEWEY DECIMAL CLASSIFICATION NUMBER
Classification number 650.1 BLO
100 ## - MAIN ENTRY--PERSONAL NAME
Personal name BLOOMSBURY
245 ## - TITLE STATEMENT
Title STEP TO SUCCESS TACKLE OFFICE NIGHTMARES
260 ## - PUBLICATION, DISTRIBUTION, ETC.
Date of publication, distribution, etc. 2004
Place of publication, distribution, etc. London
Name of publisher, distributor, etc. Bloomsbury
300 ## - PHYSICAL DESCRIPTION
Extent vi, : 90 : p. : cm. ; 17
365 ## - TRADE PRICE
Currency code RS
Price amount 35
Holdings
Withdrawn status Lost status Damaged status Not for loan Home library Current library Shelving location Date acquired Source of acquisition Cost, normal purchase price Total Checkouts Full call number Barcode Date last seen Date last checked out Copy number Price effective from Koha item type
        IMTN IMTN Rack 18-B 01/03/2008 OSY 250.25 1 650.1 BLO 7924 08/05/2024 07/24/2024 1 06/24/2024 Books
Designed & Maintained by: LRC IMT Nagpur Contact: lrc@imtnag.ac.in© 2024. All Rights Reserved.